Urban Slang Definitions - Statistics

General Stats
  • This quiz has been taken 50 times
    38 since last reset
  • The average score is 5 of 18
Answer Stats
Slang Meaning % Correct
Cap Lie
84%
Tea Gossip
66%
Kicks Shoes
63%
Yeet Throw
59%
Swag Cool
50%
Salty Upset
47%
Bae Sweetheart
28%
On fleek Perfect
25%
Sweeeet Awesome
22%
Shade Disrespect
16%
Clock Insult
16%
Thirsty Desperate for approval
13%
Lit Drunk
13%
Low Key Kind of
13%
Gag Joke
9%
Beat Apply makeup
6%
Dead Fascinated
0%
Woke Informed
0%
No matching quizzes found
Score Distribution
Percent of People with Each Score
Percentile by Number Answered
Your Score History
You have not taken this quiz since the last reset